| 000 | 01541nam a2200253 4500 | ||
|---|---|---|---|
| 001 | 768714001 | ||
| 003 | CO-MdFUSB | ||
| 005 | 20240724110700.0 | ||
| 008 | 240724t1990 enk||||| |||| 00| 0 eng d | ||
| 040 |
_bspa _cCO-MdFUSB _dCO-MdFUSB |
||
| 041 | _aeng | ||
| 100 |
_aEbach, Jürgen, _d1945 _eautor |
||
| 245 |
_a"Lord, why have you done evil to this people?" _c/ Jürgen Ebach ; traducido por John Bowden |
||
| 520 | _aQueja a Dios y acusación contra Dios en la experiencia del fracaso. A diferencia de las creencias religiosas cristianas predominantes, la Biblia contiene tanto alabanzas como condenas a Dios, así como acusaciones y agravios. El libro de la Biblia donde quejarse ante Dios se convierte en una poderosa acusación es el libro de Job. La Biblia enfatiza que el fracaso puede interpretarse como cuestionar, quejarse y rendir cuentas ante Dios. La base de las siguientes reflexiones no es, por tanto, el Libro de Job ni las Lamentaciones, sino un grupo de textos que no se esperaban de inmediato: la historia del éxodo. | ||
| 546 | _aTexto en inglés. | ||
| 630 | 0 | 7 |
_aBiblia. _pPentateuco |
| 630 | 0 | 7 |
_aBiblia. _pAntiguo Testamento |
| 650 | 7 |
_aHermenéutica bíblica _97333 |
|
| 650 | 7 |
_aDios _xEnseñanza bíblica _9323 |
|
| 700 | 1 |
_aBowden, John _d1935-2010 _etraductor |
|
| 773 | 0 |
_070507 _982842 _dLondres : Board, 1966. _oR2694 _tConcilium : _w(CO-MdFUSB)768714001 _x0010-5236 _gNúmero 5, (octubre, 1990), páginas: 117 - 127 _qpágina: 117 |
|
| 942 | _cANA | ||
| 945 | _aCatherine Arias Álvarez - Practicante SENA | ||
| 999 |
_c70576 _d70576 |
||